000 00478nam a2200169 i 4500
001 81280
003 ES-MaACL
005 20230906174416.0
007 t|
008 041103s1910 fr ||||1| fre d
100 1 _aHume, Fergus W.
_964723
245 1 2 _aL'ombre mysterieuse /
_cFergus Hume ; adapte de l'anglais par René Lécuyer.
260 _aParis :
_bE. Grevin,
_c[1910?]
300 _a304 p. ;
_c19 cm.
700 1 _aLécuyer, René.
_971130
852 _aES-MaACL
_jC-3061
999 _c81280
_d81280